Ako vybudovať udržateľný výkon?
Faktory potrebné pre stály vysoký výkon jednotlivcov i organizácií. Štyri podporné podnikové mechanizmy pri dosahovaní podnikovej kultúry. Spätná väzba k podnikovým výkonom.
Gespeichert in:
| Format: | Buchkapitel |
|---|---|
| Sprache: | Slowakisch |
| Schlagworte: | |
| Tags: |
Keine Tags, Fügen Sie das erste Tag hinzu!
|
MARC
| LEADER | 00000naa a2200000 4500 | ||
|---|---|---|---|
| 001 | 0150630 | ||
| 005 | 20231116121922.0 | ||
| 041 | 0 | |a slo | |
| 044 | |a SK | ||
| 245 | 1 | 0 | |a Ako vybudovať udržateľný výkon? |
| 520 | |a Faktory potrebné pre stály vysoký výkon jednotlivcov i organizácií. Štyri podporné podnikové mechanizmy pri dosahovaní podnikovej kultúry. Spätná väzba k podnikovým výkonom. | ||
| 610 | 2 | 0 | |a manažment |
| 610 | 2 | 0 | |a manažéri |
| 610 | 2 | 0 | |a komunikácia manažérska |
| 610 | 2 | 0 | |a riadenie vrcholové |
| 610 | 2 | 0 | |a metódy riadenia |
| 610 | 2 | 0 | |a kultúra podniková |
| 610 | 2 | 0 | |a vedenie podniku |
| 610 | 2 | 0 | |a vedenie ľudí |